MDQL
is popping MORE tags! Check the
thread
!
Quizzes
Events
Quiz Creation
Community
Videos
Private Events
Remove Ads
Sign In
Join for FREE
Feedback
Dark Mode
Quiz Categories
Sports
Geography
Music
Movies
Television
Just For Fun
Miscellaneous
History
Literature
Language
Science
Gaming
Entertainment
Religion
Holiday
For Kids
Quiz Lab
Recent
Popular Today
Quiz Kudos Today
Editor Picks
Curator Picks
Quizzes by...
Day
Popularity
Type
Ratings
Length
Year
Community
Subscriptions
Recent Discussions
Orange Saloon
Badges
Playlists
Quests
Create
Leaderboards
Showdown
Live 5
Trivia Bingo
Activity
Puzzle Library
Sporcle Events
Private Events
Virtual Trivia
Globe League
Become a Host
Pub Owners
SporcleCon
Opinionation
Our Games
Videos
Blog
Mobile Apps
Partnerships
Remove Ads and Go Orange
Feedback
Entertainment
Celebrity
Famous
Musical
Broadway
Show
Quote
Comic Books
Anime
Superhero
DC Comics
Marvel
Cartoons
Animation
Entertainment
Celebrity
Famous
Musical
Broadway
Show
Quote
Comic Books
Anime
Superhero
DC Comics
Marvel
Cartoons
Animation
Random Quiz
Search Sporcle
×
Quiz Lab
Quiz Lab
Entertainment
Kpop
Type in answers that appear in a list
Type in answers that appear in a list
Classic
Best Score? Go Orange.
Can you guess all the FREAKING kpop groups 150+ Stats
Can you guess all the FREAKING kpop groups?
By
kimbaebae
20m
159 Questions
417 Plays
417 Plays
417 Plays
Comments
Comments
Give Quiz Kudos
Give Quiz Kudos
-
- Ratings
hide this ad
More Info
Replay
Link that replays current quiz
Next Quiz
Link to next quiz in quiz playlist
You Got
0%
They Got
Avg Score
50%
Avg Friend Score
Upgrade to see
Score Distribution
Jump to the score distribution portion of the page
Score
0/159
Timer
20:00
0
Plays Today
Gender
Group Name
% Correct
MALE
BTS
95.9%
MALE
BIG
95.9%
MALE
Big Bang
94.9%
MALE
Super Junior
92.8%
MALE
EXO
92.5%
MALE
GOT7
92%
MALE
Seventeen
90.6%
MALE
SHINee
90.4%
MALE
2PM
90.1%
MALE
2AM
88.7%
MALE
BtoB
88.4%
MALE
MONSTA X
86.7%
FEMALE
Girl's Generation
86%
MALE
TVXQ
85.8%
MALE
iKON
85.8%
MALE
WINNER
85.3%
FEMALE
2NE1
84.3%
FEMALE
BlackPink
84.3%
MALE
NCT
84.1%
MALE
VIXX
84.1%
MALE
Block B
82.9%
FEMALE
TWICE
82.2%
MALE
Infinite
81.9%
MALE
BAP
81.2%
FEMALE
Red Velvet
81.2%
COED
K.A.R.D
81.2%
FEMALE
Sistar
80%
MALE
B2ST
79.3%
MALE
Astro
78.8%
MALE
Pentagon
78.3%
FEMALE
Wonder Girls
78.3%
FEMALE
4Minute
78.3%
FEMALE
AOA
78.3%
FEMALE
F(x)
76.9%
FEMALE
ioi
76.6%
MALE
NU'EST
76.4%
MALE
CN Blue
75.7%
FEMALE
Apink
75.7%
MALE
FT Island
75.4%
FEMALE
Miss A
74.5%
FEMALE
MAMAMOO
73.7%
FEMALE
T-ara
73.3%
MALE
Day6
73%
FEMALE
Gfriend
72.8%
FEMALE
Kara
72.3%
FEMALE
After School
72%
MALE
SF9
71.8%
MALE
Boyfriend
71.1%
MALE
B1A4
68.4%
MALE
Shinhwa
68.2%
FEMALE
Girls Day
68%
FEMALE
EXID
67.7%
MALE
H.O.T
67%
Gender
Group Name
% Correct
FEMALE
CLC
65.3%
FEMALE
Cosmic Girls
65.3%
MALE
Teen Top
65.1%
MALE
UP10TION
63.9%
MALE
ToppDogg
63.6%
MALE
U-Kiss
62.9%
MALE
JYJ
62.7%
FEMALE
Oh My Girl
62.2%
MALE
MBLAQ
61.9%
FEMALE
Pristin
61.8%
MALE
100%
61.4%
FEMALE
Lovelyz
61.4%
MALE
24K
60.2%
MALE
KNK
60.2%
FEMALE
Gugudan
59%
FEMALE
Gugudan
59%
MALE
History
58.8%
MALE
ZE:A
57.8%
MALE
ACE
57.7%
MALE
Epik High
57.3%
COED
Akdong Musician
57.1%
FEMALE
SonaMOO
54.9%
FEMALE
Hello Venus
54.7%
FEMALE
Rainbow
54.6%
FEMALE
Secret
53.3%
MALE
Madtown
52.3%
FEMALE
DIA
51.6%
MALE
N.Flying
49.6%
FEMALE
Fiestar
49.6%
FEMALE
Ninemuses
48.9%
FEMALE
SES
48.7%
MALE
Cross Gene
48.2%
FEMALE
Orange Caramel
48.2%
FEMALE
April
48%
FEMALE
Dal Shabet
48%
FEMALE
Ladies' Code
47.7%
FEMALE
Crayon Pop
47.2%
MALE
Boy's Republic
47%
MALE
G.O.D
46.7%
FEMALE
Stellar
46.7%
MALE
UNIQ
46.5%
MALE
MY NAME
45.5%
FEMALE
LABOUM
44.1%
MALE
ACE
43.9%
MALE
Sechskies
43.6%
MALE
SS501
43.1%
MALE
Imfact
43.1%
COED
Trouble Maker
42.9%
FEMALE
15&
42.4%
MALE
BigFlo
42.2%
MALE
VAV
40.7%
MALE
Romeo
39.8%
FEMALE
Brave Girls
39.8%
Gender
Group Name
% Correct
MALE
SPEED
39%
FEMALE
Bestie
38.8%
FEMALE
Davichi
38.6%
FEMALE
Spica
36.1%
MALE
Snuper
35.9%
MALE
VRomance
35.7%
COED
Coed School
34.9%
FEMALE
Momoland
34.2%
MALE
C-CLOWN
33%
MALE
A-JAX
32.3%
MALE
HALO
31.6%
FEMALE
Berry Good
29.6%
COED
Triple H
29.4%
MALE
Alphabat
27.5%
MALE
Royal Pirates
26.7%
FEMALE
4ten
26%
FEMALE
Mr. Mr.
26%
MALE
F.cuz
25.8%
MALE
LEDapple
24.1%
MALE
MIB
23.9%
FEMALE
Brown Eye Girls
23.6%
MALE
Fly to the Sky
23.4%
MALE
Tasty
23.1%
FEMALE
GLAM
22.4%
FEMALE
EvoL
22.4%
MALE
DMTN
21.4%
FEMALE
F-ve Dolls
21.4%
FEMALE
Sunny Hill
21%
MALE
4Men
20.2%
MALE
JJ Project
19.3%
FEMALE
Jewelry
19.3%
MALE
N-Sonic
19%
FEMALE
Playback
18.6%
MALE
Boys24
17.1%
MALE
Viction
15.7%
FEMALE
The Ark
15.4%
FEMALE
Chocolat
15.2%
MALE
1TYM
13.5%
MALE
Phantom
13%
FEMALE
Baby VOX
13%
MALE
N-Train
12.5%
MALE
The Boss
11.3%
MALE
Seo Taiji and the Boys
10.1%
FEMALE
Unicorn
10.1%
MALE
T-MAX
8.7%
FEMALE
Supernova
8.4%
MALE
Electroboyz
8.2%
MALE
X5
7%
FEMALE
HI Suhyun
7%
FEMALE
LAYSHA
5.8%
MALE
DEUX
5.5%
FEMALE
Papaya
4.8%
FEMALE
Kiss&Cry
3.4%
Quiz Playlist
Details
Report
Send in Message
Add To Playlist
More Info:
Let me know any groups you think I should add in!
Classic:
Type in answers that appear in a list
Last Updated: Jul 19, 2017
Quiz Scoreboard
CHALLENGE
Sign Up to Join the Scoreboard
Show All
Scores
Hide
Comments
May contain spoilers
Recently Published
1-10 Letter E Words III
by El_Dandy
Language
2m
Street Fighter Characters
by Artimus82
Gaming
60s
College Basketball Coaching Resumes
by pancakes188
Sports
9m
More to Explore
Quiz From the Vault
Featured Blog Post
Where Did the Easter Bunny Come From?
hide this ad
You Might Also Like...
Tags
Kpop Quiz
150
group
male
Today's Top Quizzes in Entertainment
Browse Entertainment
hide this ad
Today's Top Quizzes in Kpop
Browse Kpop
Top Contributed Quizzes in Entertainment
1
7-to-1: DC Comics Villains
2
Marvel Characters Bunker
3
Dragon Ball Z: Goku's Fights in Order
4
Eurovision 2023 Logic Puzzle
5
Sorting Pictures: Villains
6
Criteria Quickie: Cartoon Taxonomy II
7
7-to-1: One Piece
8
One Piece Characters Order of Appearance
9
Mini Trivia Sudoku: Musicals
10
Kamen Rider Motifs
Explore More
Trending Topics
Marvel
Crossword
Kpop
NBA
Disney
Harry Potter
Anime
WWE
The Office
Country
Pokémon
Puzzle
Soccer
NFL
Song
hide this ad
More By:
kimbaebae
Quiz
Plays
Rating
Category
Featured
Created
300 Freaking KPOP idols (MALE)
590
4.67
Music
Jun 21, 2017
Can you guess all the FREAKING kpop groups 150+
417
3.75
Entertainment
Jun 30, 2017
(Slideshow)The Freaking Best Looking Kpop Idols (MALE)
362
5.00
Music
Jun 21, 2017
Go to Creator's Profile
Score Distribution
Quiz Creator Spotlight
kimbaebae
Follow
Send a Message
Quizzes Created
-
Created Quiz Play Count
-
More By This Creator
Popular Quizzes Today
1
Find the US States - No Outlines Minefield
2
Find the Countries of Europe - No Outlines Minefield
3
The Countries of the World
4
Find the US States
5
Risky Map Clicking: Biggest States A-Z
6
US States
7
Popular People in 1961
8
Movies - When Are They Set?
More Entertainment Quizzes
Bleach Beyond Bankai
Quiz Lab
Trending Quizzes
Risky Map Clicking: Least Populous States A-Z
1-10 Letter G Words
1-10 Letter F Words
Countries of the World: 200 Million BC
Risky Map Clicking: Next State Alphabetically
Recently Updated
Beyoncé Albums
pecheneg
Leaping Animals
pecheneg
Reality TV Shows (A-Z)
bhenderson79
Rickey Henderson's Hall of Fame Teammates
pecheneg
Champions League XIs: Arsenal
pecheneg
Quick Pick: Celebrities in WWE's Hall of Fame
aduchscher
A-Z Keypad Blitz II
pecheneg
Multiple Oscar Actors
pecheneg
Mystery Phrase Blitz: Oscar 'Best Actors'
pecheneg
F. Scott Fitzgerald Novels
LTH
Trending Topics
Disney
Harry Potter
Marvel
Kpop
Crossword
Anime
NBA
Soccer
WWE
Puzzle
NFL
Song
Pokémon
The Office
Country
Your Account Isn't Verified!
In order to create a playlist on Sporcle, you need to verify the email address you used during registration. Go to your
Sporcle Settings
to finish the process.
Report this User
Report this user for behavior that violates our
Community Guidelines
.
Details:
Send Report
Go to the Sporcle.com Mobile Site →
Comments